Catálogo
 En Linea

Racismo y poder en la narrativa política dominicana / (Registro nro. 59528)

Detalles MARC
000 -CABECERA
campo de control de longitud fija 01623nam a2200289 i 4500
003 - IDENTIFICADOR DEL NÚMERO DE CONTROL
campo de control DO-SdBNP
005 - FECHA Y HORA DE LA ÚLTIMA TRANSACCIÓN
campo de control 20250714113232.0
007 - CAMPO FIJO DE DESCRIPCIÓN FÍSICA--INFORMACIÓN GENERAL
campo de control de longitud fija ta
008 - DATOS DE LONGITUD FIJA--INFORMACIÓN GENERAL
campo de control de longitud fija 250714b2025 dr |||er ||| 00| 0 spa d
020 ## - NÚMERO INTERNACIONAL ESTÁNDAR DEL LIBRO
Número Internacional Estándar del Libro 9789945509564
040 ## - FUENTE DE LA CATALOGACIÓN
Centro catalogador/agencia de origen DO-SdBNP
Lengua de catalogación spa
Centro/agencia transcriptor BNPHU
Normas de descripción rda
041 ## - CÓDIGO DE LENGUA
Código de lengua del texto/banda sonora o título independiente spa
082 #4 - NÚMERO DE LA CLASIFICACIÓN DECIMAL DEWEY
Número de clasificación xxxxx
Número de documento/Ítem F316
Número de edición 22
100 ## - ENTRADA PRINCIPAL--NOMBRE DE PERSONA
Nombre de persona Féliz Lafontaine, Ana
Término indicativo de función/relación autora
Código de función/relación aut.
9 (RLIN) 88349
245 10 - MENCIÓN DE TÍTULO
Título Racismo y poder en la narrativa política dominicana /
Mención de responsabilidad, etc. Ana Féliz Lafontaine
264 #1 - PRODUCCIÓN, PUBLICACIÓN, DISTRIBUCIÓN, FABRICACIÓN Y COPYRIGHT
Producción, publicación, distribución, fabricación y copyright Santo Domingo :
Nombre del de productor, editor, distribuidor, fabricante Fundación Friedrich Ebert Stiftung,
Fecha de producción, publicación, distribución, fabricación o copyright 2025.
300 ## - DESCRIPCIÓN FÍSICA
Extensión 8 páginas
Dimensiones 30 cm.
336 ## - TIPO DE CONTENIDO
Término de tipo de contenido texto
Código de tipo de contenido txt
Fuente rdacontent
337 ## - TIPO DE MEDIO
Nombre/término del tipo de medio sin mediación
Código del tipo de medio n
Fuente rdamedia
338 ## - TIPO DE SOPORTE
Nombre/término del tipo de soporte volumen
Código del tipo de soporte nc
Fuente rdacurrier
490 1# - MENCIÓN DE SERIE
Mención de serie Análisis ;
500 ## - NOTA GENERAL
Nota general Incluye datos biografícos de la autora en la página 8
520 ## - SUMARIO, ETC.
Sumario, etc. Este artículo tiene como objetivo principal exponer el contenido racista del discurso político dominicano moderno y sus raíces históricas, atendiendo, por un lado, a los marcos de las ideologías lingüísticas analizadas para el caso dominicano por Juan Valdez, quien muestra que las formas lingüísticas se vincularon a categorías raciales y culturales en el discurso político dominicano.<br/><br/>Por otro lado, el artículo relaciona las narraciones sobre el racismo con las dinámicas de poder desarrolladas por Foucault en su último seminario (1976), recogido en “Defender la sociedad”, donde se dedica una especial atención a la genealogía del racismo como parte constitutiva de la fundación del Estado moderno.
590 ## - NOTA LOCAL (RLIN)
Nota local Inventariado, 2025/ YL
910 ## - DATOS DE OPCIÓN DEL USUARIO (OCLC)
Datos de opción del usuario YLockward
942 ## - ELEMENTOS DE PUNTO DE ACCESO ADICIONAL (KOHA)
Fuente del sistema de clasificación o colocación Dewey Decimal Classification
Tipo de ítem Koha Folleto
Existencias
Estado de retiro Estado de pérdida Fuente del sistema de clasificación o colocación Restricciones de uso No para préstamo Código de colección Localización permanente Ubicación/localización actual Ubicación en estantería Fecha de adquisición Fuente de adquisición Total de préstamos Signatura topográfica completa Código de barras Fecha visto por última vez Precio válido a partir de Tipo de ítem Koha Número de copia
    Dewey Decimal Classification Excluido de préstamo   Patrimonio Dominicano Folletos Biblioteca Nacional Pedro Henríquez Ureña Biblioteca Nacional Pedro Henríquez Ureña En catalogación 20.05.2025 Deposito Legal Friedrich Ebert   BNPHU F-PD xxxxx F316 2025-6552 14.07.2025 14.07.2025 Folleto  
    Dewey Decimal Classification Excluido de préstamo   Patrimonio Dominicano Folletos Biblioteca Nacional Pedro Henríquez Ureña Biblioteca Nacional Pedro Henríquez Ureña En catalogación 20.05.2025 Deposito Legal Friedrich Ebert   BNPHU F-PD xxxxx F316 2025-6553 14.07.2025 14.07.2025 Folleto e. 2
    Dewey Decimal Classification Préstamo en sala   Dominicana de Servicio Biblioteca Nacional Pedro Henríquez Ureña Biblioteca Nacional Pedro Henríquez Ureña En catalogación 20.05.2025 Deposito Legal Friedrich Ebert   BNPHU F-DS xxxxx F316 2025-6554 14.07.2025 14.07.2025 Folleto e. 3

Con tecnología Koha